Statistics for Two Biggest Cities by Country #1

Click here to take the quiz!

General Stats

  • This quiz has been taken 454 times
  • The average score is 27 of 30

Answer Stats

CountryCities% Correct
Japan (1)Tokyo
100%
United Kingdom (1)London
99%
United States (1)New York City
99%
France (1)Paris
99%
United States (2)Los Angeles
98%
Spain (1)Madrid
98%
Brazil (2)Rio de Janeiro
98%
Italy (1)Rome
98%
China (2)Beijing
97%
Russia (1)Moscow
97%
Spain (2)Barcelona
96%
Egypt (1)Cairo
96%
Canada (1)Toronto
96%
Indonesia (1)Jakarta
95%
South Africa (2)Cape Town
94%
Italy (2)Milan
94%
China (1)Shanghai
94%
Brazil (1)São Paulo
93%
Russia (2)St. Petersburg
93%
Colombia (1)Bogotá
92%
South Africa (1)Johannesburg
92%
Canada (2)Montreal
89%
United Kingdom (2)Birmingham
88%
Saudi Arabia (1)Riyadh
86%
France (2)Marseille
85%
Egypt (2)Alexandria
84%
Colombia (2)Medellín
66%
Saudi Arabia (2)Jeddah
60%
Japan (2)Yokohama
51%
Indonesia (2)Surabaya
40%

Score Distribution

Percentile by Number Answered

Percent of People with Each Score

Your Score History

You have not taken this quiz